Central Library OPAC University of Rajshahi

মুহাদ্দিস প্রসংগ / (Record no. 40892)

MARC details
000 -LEADER
fixed length control field 00928nam a2200241 a 4500
001 - CONTROL NUMBER
control field 40892
003 - CONTROL NUMBER IDENTIFIER
rucl marc code BD-RjUL
005 - DATE AND TIME OF LATEST TRANSACTION
control field 20211209053307.0
008 - FIXED-LENGTH DATA ELEMENTS--GENERAL INFORMATION
fixed length control field 160511s 197 bg ||||| |||| 00| 0 ben d
020 ## - INTERNATIONAL STANDARD BOOK NUMBER
Terms of availability : TK 8.00
035 ## - SYSTEM CONTROL NUMBER
System control number (BD-RjUL)41008
040 ## - CATALOGING SOURCE
Original cataloging agency BD-RjUL
Language of cataloging ben
Transcribing agency BD-RjUL
041 ## - LANGUAGE CODE
Language code of text/sound track or separate title ben
082 ## - DEWEY DECIMAL CLASSIFICATION NUMBER
Edition number 23
Classification number 297.12509
Author mark and year RAM 1975
100 ## - MAIN ENTRY--PERSONAL NAME
Personal name রহমান, মুহাম্মদ মুজীবুর
9 (RLIN) 125868
245 10 - TITLE STATEMENT
Title মুহাদ্দিস প্রসংগ /
Statement of responsibility, etc. মুহাম্মদ মুজীবুর রহমান
260 ## - PUBLICATION, DISTRIBUTION, ETC. (IMPRINT)
Place of publication, distribution, etc. রাজশাহী :
Name of publisher, distributor, etc. মুহাম্মদ ওবায়দুর রহমান,
Date of publication, distribution, etc. ১৯৭৫
300 ## - PHYSICAL DESCRIPTION
Pagination খণ্ড ;
Size ২১ সেমি.
505 0# - FORMATTED CONTENTS NOTE
Formatted contents note খণ্ড ১--
650 ## - SUBJECT ADDED ENTRY--TOPICAL TERM
Topical term or geographic name as entry element হাদীসবেত্তা
Form subdivision জীবনি
9 (RLIN) 133527
Topical term or geographic name as entry element Hadith (Traditionists)
Form subdivision Biography
9 (RLIN) 133528
942 ## - ADDED ENTRY ELEMENTS (KOHA)
Source of classification or shelving scheme Dewey Decimal Classification
Koha item type Books
Holdings
Lost status Source of classification or shelving scheme Damaged status Not for loan Collection code Permanent Location Current Location Shelving location Date acquired Source of acquisition Cost, normal purchase price Total Checkouts Full call number Date last seen Copy number Koha item type Date checked out
  Dewey Decimal Classification     Non-fiction Central Library, University of Rajshahi Central Library, University of Rajshahi   04/02/1976 Muhammad Mujibur Rahman RU. 8.00   B 297.29209 RAM V-1 1975 11/05/2016 C-2 Books  
  Dewey Decimal Classification     Non-fiction Central Library, University of Rajshahi Central Library, University of Rajshahi   04/02/1976 Author, R.U. 10.00   B 297.12509 RAM V-1 1975 22/06/2016 C-3 Books  
  Dewey Decimal Classification     Non-fiction Central Library, University of Rajshahi Central Library, University of Rajshahi   04/02/1976 Author, R.U. 10.00 2 B 297.12509 RAM V-1 1975 13/08/2025 C-4 Books 27/07/2025
  Dewey Decimal Classification   Not For Loan Non-fiction Central Library, University of Rajshahi Central Library, University of Rajshahi Reading Room 24/02/1976 Muzibur Rahman, R.U. 8.00   B 297.12509 RAM V-1 1975 06/12/2016 C-1 Books  
  Dewey Decimal Classification     Non-fiction Central Library, University of Rajshahi Central Library, University of Rajshahi   24/02/1976 R.U., M. Mugibur Rahman 8.00   B 297.12509 RAM 1975 01/11/2018 C-5 Books